Chemistry Lab Equipment - Statistics

General Stats
  • This quiz has been taken 66 times
  • The average score is 11 of 61
Answer Stats
Picture Answer % Correct
Balance
88%
Beaker
72%
Burette
63%
Funnel
63%
Bunsen Burner
60%
Test Tube
58%
Thermometer
51%
Graduated Cylinder
47%
Pipette
40%
Hot Plate
37%
Erlenmeyer Flask
35%
Crucible
33%
Spatula
33%
Test Tube Rack
33%
Ring Stand
26%
Stopper
26%
Watch Glass
23%
Volumetric Flask
21%
Pestle
19%
Round Bottom Flask
19%
Cork Stopper
16%
Test Tube Tongs
16%
Weigh Boat
16%
Beaker Tongs
14%
Magnetic Stir Bar
14%
Mortar
14%
Glass Stopper
12%
Scoopula
12%
Clay Triangle
9%
Crucible Tongs
9%
Evaporating Dish
9%
Rubber Policeman
9%
Spectrophotometer
9%
Test Tube Brush
9%
Barometer
7%
Electrode Clamps
7%
Glass Stir Rod
7%
Iron Ring
7%
Pipette Bulb
7%
Drying Oven
5%
Spot Plate
5%
Storage Bottle
5%
Triple Beam Balance
5%
Variable Power Supply
5%
Forceps
2%
Glass Dropper
2%
Salt Bridge
2%
Utility Clamp
2%
Wire Gauze
2%
Ceramic Plate
0%
Coiled Fractional Distillation Tube
0%
Deflagration Spoon
0%
Distillation Tube
0%
Drying Tubes
0%
Eudiometer Tube
0%
Flat Round Bottom Flask
0%
Flint Striker
0%
Round Bottom Heat Bath
0%
Stir Plate
0%
Thistle Tube
0%
Transfer Pipette
0%
No matching quizzes found
Score Distribution
Percent of People with Each Score
Percentile by Number Answered
Your Score History
You have not taken this quiz